| 000 | 00348nam a22001337a 4500 | ||
|---|---|---|---|
| 003 | OSt | ||
| 020 | _a9788197981708 | ||
| 100 | _aVERMA, B.K | ||
| 245 | _aThe AI Compendium: Comprehensive Insights into Modern AI Applications | ||
| 260 |
_aNew Delhi, _bNaples India: _c2024. |
||
| 300 | _a311p. | ||
| 650 | _aFaculty Publication | ||
| 942 |
_2ddc _cBK |
||
| 999 |
_c13151 _d13151 |
||